Choosing toys for children : from birth to five /

Bibliographic Details
Main Author: Kaban, Barbara, 1945-
Format: Book
Language:English
Published: New York : Schocken Books, 1979.
Subjects:

MARC

Tag First Indicator Second Indicator Subfields
LEADER 00000pam a2200000 a 4500
001 in00000079941
005 20151008055245.0
008 790416s1979 nyua 00110 engm
010 |a  79012628  
020 |a 0805237275 
035 |a (OCoLC)04933111 
035 |9 AAJ2974AM 
040 |a DLC  |c DLC  |d TXA  |d UtOrBLW 
049 |a TXAM  |c [951809] 
050 0 0 |a GV1218.5  |b .K32 
082 0 |a 688.7/2 
100 1 |a Kaban, Barbara,  |d 1945- 
245 1 0 |a Choosing toys for children :  |b from birth to five /  |c Barbara Kaban ; illustrations by Diane Nicholls. 
264 1 |a New York :  |b Schocken Books,  |c 1979. 
300 |a xiii, 176 pages :  |b illustrations ;  |c 24 cm. 
336 |a text  |b txt  |2 rdacontent 
337 |a unmediated  |b n  |2 rdamedia 
338 |a volume  |b nc  |2 rdacarrier 
500 |a Includes index. 
650 0 |a Toys. 
650 0 |a Child development. 
650 0 |a Play. 
999 |a MARS 
999 f f |s 3beeb401-da8a-3ca8-bbe5-8b1dea070cfa  |i 03a57d45-fc2a-3400-ae16-46fa59718b74  |t 0 
952 f f |p ric  |a Texas A&M University  |b Rellis Campus  |c Joint Library Facility  |d Remote Storage  |t 0  |e GV1218.5 .K32  |h Library of Congress classification  |i unmediated -- volume  |m A14806117404 
998 f f |a GV1218.5 .K32  |t 0  |l Remote Storage